000 00258nam a2200109Ia 4500
008 190216s9999||||xx |||||||||||||| ||und||
100 _aKarunakaran Kp
245 0 _aMarketing Management
260 _bSterling Publications
_c1996
300 _a301p
942 _cBK
999 _c5841
_d5841